Statistics for B Cities

Click here to take the quiz!

General Stats

  • This quiz has been taken 22 times
    (7 since last reset)
  • The average score is 23 of 30

Answer Stats

CountryCity% Correct
IraqBaghdad
100%
ThailandBangkok
100%
SpainBarcelona
100%
GermanyBerlin
100%
United KingdomBirmingham
100%
ColombiaBogota
100%
ItalyBologna
100%
BelgiumBrussels
100%
RomaniaBucharest
100%
HungaryBudapest
100%
ArgentinaBuenos Aires
100%
IndiaBangalore
86%
SwitzerlandBasel
86%
ChinaBeijing
86%
South AfricaBloemfontein
86%
United States of AmericaBoston
86%
BrazilBrasilia
86%
SlovakiaBratislava
86%
MaliBamako
71%
FranceBordeaux
71%
GermanyBremen
71%
United States of AmericaBaltimore
57%
IndonesiaBandung
57%
South KoreaBusan
57%
Central African RepublicBangui
43%
ColombiaBarranquilla
43%
IsraelBeersheba
29%
United States of AmericaBoise
29%
BulgariaBurgas
29%
BrazilBoa Vista
0%

Score Distribution

Percentile by Number Answered

Percent of People with Each Score

Your Score History

You have not taken this quiz since the last reset